Library of the University of Algiers 3
Ibrahim Sultan Cheibout
شعار جامعة الجزائر 3
مكتبة جامعة الجزائر 3
إبراهيم سلطان شيبوط

البنوك الوضعية والشرعية : (رقم التسجيلة. 44168)

تفاصيل مارك
000 -LEADER
fixed length control field 01537nam a2200241Ia 4500
003 - CONTROL NUMBER IDENTIFIER
control field Ost
005 - DATE AND TIME OF LATEST TRANSACTION
control field 20260507075353.0
008 - FIXED-LENGTH DATA ELEMENTS--GENERAL INFORMATION
fixed length control field 260507s9999||||xx |||||||||||||| ||und||
020 ## - INTERNATIONAL STANDARD BOOK NUMBER
International Standard Book Number 87063419779
040 ## - CATALOGING SOURCE
Transcribing agency fsecg
041 ## - LANGUAGE CODE
Language code of text/sound track or separate title ara
082 ## - DEWEY DECIMAL CLASSIFICATION NUMBER
Classification number 330
100 ## - MAIN ENTRY--PERSONAL NAME
Personal name مندور، عصام عمر أحمد
Relator term مؤلف
245 #0 - TITLE STATEMENT
Title البنوك الوضعية والشرعية :
Remainder of title النظام المصرفي- نظرية التمويل الإسلامي- البنوك الإسلامية /
Statement of responsibility, etc. عصام عمر أحمد مندور
260 ## - PUBLICATION, DISTRIBUTION, ETC.
Place of publication, distribution, etc. الإسكندرية:
Name of publisher, distributor, etc. دار التعليم الجامعي,
Date of publication, distribution, etc. 2013
300 ## - PHYSICAL DESCRIPTION
Extent 343 صفحة؛
Other physical details إيضاحات ؛
Dimensions 24 سم
520 ## - SUMMARY, ETC.
Summary, etc. نشأة البنوك- البنوك التجارية- البنوك التجارية وخلق الودائع- البنوك المتخصصة- بنوك الإستثمار- البنوك الإلكترونية- البنك المركزي- البنوك الشاملة- الآثار الإقتصادية للعولمة على الجهاز المصرفي- البنوك الإسلامية- نظرية التمويل الإسلامي والحاجة الى البنوك الإسلامية- المصارف الإسلامية- الحلول المقترحة لإشكاليات العلاقة بين البنك المركزي التقليدي والمصارف الإسلامية
653 ## - INDEX TERM--UNCONTROLLED
Uncontrolled term الإقتصاد الإسلامي
653 ## - INDEX TERM--UNCONTROLLED
Uncontrolled term البنوك
653 ## - INDEX TERM--UNCONTROLLED
Uncontrolled term البنوك الإسلامية
653 ## - INDEX TERM--UNCONTROLLED
Uncontrolled term النظام المصرفي
942 ## - ADDED ENTRY ELEMENTS (KOHA)
Koha item type كتب
المقتنيات
Withdrawn status Lost status Source of classification or shelving scheme Damaged status Not for loan Home library Current library Date acquired Serial enumeration / chronology Inventory number Total checkouts Full call number Barcode Date last seen Price effective from Koha item type
    Dewey Decimal Classification   NOT LOAN / إعارة داخلية مكتبة كلية العلوم الإقتصادية والعلوم التجارية وعلوم التسيير مكتبة كلية العلوم الإقتصادية والعلوم التجارية وعلوم التسيير 07/05/2026 الطابق الأرضي 25112   أ/4225ن1 25112 07/05/2026 07/05/2026 كتب
    Dewey Decimal Classification   Available مكتبة كلية العلوم الإقتصادية والعلوم التجارية وعلوم التسيير مكتبة كلية العلوم الإقتصادية والعلوم التجارية وعلوم التسيير 07/05/2026 الطابق الأرضي 25113   أ/4225ن2 25113 07/05/2026 07/05/2026 كتب
    Dewey Decimal Classification   Available مكتبة كلية العلوم الإقتصادية والعلوم التجارية وعلوم التسيير مكتبة كلية العلوم الإقتصادية والعلوم التجارية وعلوم التسيير 07/05/2026 الطابق الثاني 25114   أ/4225ن3 25114 07/05/2026 07/05/2026 كتب

موارد الويب المفتوحة


© University of Algiers 3 All Rights Reserved
|
Implemented by LECHELAH Riad